Cell wall degrading enzyme secretion by Colletotrichum acutatum, the causative fungus of secondary leaf fall of Hevea brasilieneis (Record no. 55252)
[ view plain ]
| 000 -LEADER | |
|---|---|
| fixed length control field | 01199nam a2200205Ia 4500 |
| 100 ## - MAIN ENTRY--AUTHOR NAME | |
| Personal name | Fernando T H P S |
| 245 #0 - TITLE STATEMENT | |
| Title | Cell wall degrading enzyme secretion by Colletotrichum acutatum, the causative fungus of secondary leaf fall of Hevea brasilieneis |
| 260 ## - PUBLICATION, DISTRIBUTION, ETC. (IMPRINT) | |
| Name of publisher | Mycological Research |
| Year of publication | 2001 |
| 300 ## - PHYSICAL DESCRIPTION | |
| Number of Pages | 195-201 |
| 500 ## - GENERAL NOTE | |
| General note | Source Year: 2002 |
| 520 ## - SUMMARY, ETC. | |
| Summary, etc | Colletotrichum acutatum is the major causative agent of secondary leaf fall disease of rubber. All isolates of the fungus examined secreted polygalacturonase (PG), pectin lyase (PL) and the cellulotic enzymes, B-glucosidase, and cellobiase in culture. Molecular weight determinations suggest that PG as well as the PL produced by all isolates are similar. PG activity was absent in infected tissues associated with the enlargement of lesions. B-glucosidase was present in both healthy and infected leaves while cellobiase was detected only in infected leaf tissue. |
| 650 ## - SUBJECT ADDED ENTRY--TOPICAL TERM | |
| Topical Term | Colletotrichum acutatum |
| 650 ## - SUBJECT ADDED ENTRY--TOPICAL TERM | |
| Topical Term | Hevea brasiliensis |
| 650 ## - SUBJECT ADDED ENTRY--TOPICAL TERM | |
| Topical Term | Secondary leaf fall |
| 700 ## - ADDED ENTRY--PERSONAL NAME | |
| Personal name | Jayasinghe C K |
| 700 ## - ADDED ENTRY--PERSONAL NAME | |
| Personal name | Wijesundera R L C |
| 856 ## - ELECTRONIC LOCATION AND ACCESS | |
| Uniform Resource Identifier | https://doi.org/10.1017/S0953756200003324 |
| 942 ## - ADDED ENTRY ELEMENTS (KOHA) | |
| Koha item type | Journals |
| Withdrawn status | Lost status | Damaged status | Not for loan | Home library | Current library | Shelving location | Date acquired | Serial Enumeration / chronology | Koha item type |
|---|---|---|---|---|---|---|---|---|---|
| Journals | RRII Library | RRII Library | Pathology | 30/07/2002 | Volume 105, Issue 2 | Journals |